| 000 | 00689nam a22002297a 4500 | ||
|---|---|---|---|
| 003 | OSt | ||
| 005 | 20251222083033.0 | ||
| 008 | 251222b |||||||| |||| 00| 0 eng d | ||
| 020 | _a9788120832800 | ||
| 040 | _cDCL | ||
| 041 | _aEnglish | ||
| 082 | _a294.35 | ||
| 100 | 1 |
_aKalupahana, David J., _d 1933- |
|
| 245 | 0 | 0 |
_aEthics in early Buddhism / _cDavid J. Kalupahana. |
| 250 | _a | ||
| 260 |
_aHonolulu : _bUniversity of Hawaiʻi Press, _cc1995. |
||
| 300 |
_aix,171 pages : _c22 cm. |
||
| 490 |
_aThe Wheel Publication ; _vno. 14. |
||
| 500 | _aIncludes bibliographical references (p. 163-166) and index | ||
| 650 |
_aEthics _xBuddhism |
||
| 942 |
_2ddc _cSHORT TERM _n0 |
||
| 999 |
_c2775 _d2775 |
||